Bienvenue au Catalogue en Ligne des Bibliothèques de l'Universite du Burundi

Normal view MARC view

Entry Personal Name

Number of records used in: 1

001 - CONTROL NUMBER

  • control field: 56810

003 - CONTROL NUMBER IDENTIFIER

  • control field: BI-BuBU

005 - DATE AND TIME OF LATEST TRANSACTION

  • control field: 20120611102103.0

008 - FIXED-LENGTH DATA ELEMENTS

  • fixed length control field: 120611|||a|||||| | ||| d

040 ## - CATALOGING SOURCE

  • Original cataloging agency: BI-BuBU
  • Transcribing agency: BI-BuBU

100 ## - HEADING--PERSONAL NAME

  • Personal name: Brunet, Etienne

670 ## - SOURCE DATA FOUND

  • Source citation: Work cat.: (BI-BuBU): aut Murcia, Colette 56808, Anthologie de l'oeuvre de Victor Hugo, 1987

670 ## - SOURCE DATA FOUND

  • Source citation: Work cat.: (BI-BuBU): aut Murcia, Colette 56808, Anthologie de l'oeuvre de Victor Hugo, 1987
© 2019-2026 - Bibliothèques de l'Université du Burundi |Tous droits réservés
home | Pour toute information urgente Contactez nous | tel whatsupp: +25779204313